01272nam a22003257a 4500003000500000005001700005008004100022010001000063011001000073035001000083040000900093090001000102100005200112245014800164260003900312300001000351502009900361590003700460590004100497590004100538590004100579590004200620650003900662650004700701901000700748942001000755949003600765999001700801952012800818CHAP20220329135752.0971013s1977 r 00010 d a41792 a42764 a46893 cCHAP aTesis00aEscalante de la Hidalga, José Ignacio.937386 aContribución al estudio de los diferentes géneros de nemátodos gastroentéricos en bovinos en el municipio de Chalco, Estado de México aMéxico, D. F. :bEl autor,c1977 a19 h. aTesis (Médico Veterinario Zootecnista) -- UNAM. Facultad de Medicina Veterinaria y Zootecnia aALEPHb10c20130110lUCH01h1311 aBATCH-UPDb10c20130110lUCH01h2059 aBATCH-UPDb10c20130410lUCH01h1412 aBATCH-UPDb10c20130914lUCH01h1529 aCONVERSIONb10c20130109lUCH01h132314aGanado vacunoxParásitos.94550014aNemátodos parásitos de bovinos.980829 aBK cTESIS bBCcTESd-106809eTS1i46893si c41792d41792 00102local4051718TESISaBCbBCcPA_TESISd2012-12-17fTESISl0oTesisp-106809r2019-12-31 00:00:00w2019-12-31yTESIS